|
|
|
|
| LEADER |
00000nam0a2200000 4500 |
| 001 |
188003 |
| 005 |
20231101224115.0 |
| 035 |
|
|
|a (RuTPU)RU\TPU\book\204058
|
| 090 |
|
|
|a 188003
|
| 100 |
|
|
|a 20101129d1981 k y0rusy50 ca
|
| 101 |
0 |
|
|a rus
|
| 102 |
|
|
|a RU
|
| 105 |
|
|
|a a z 001zy
|
| 200 |
1 |
|
|a Периодическая система Д. И. Менделеева и силовые характеристики элементов
|f А. А. Годовиков
|g Академия наук СССР (АН СССР), Сибирское отделение (СО); под ред. С. П. Габуды
|
| 210 |
|
|
|a Новосибирск
|c Наука
|d 1981
|
| 215 |
|
|
|a 95 с.
|c ил.
|
| 225 |
1 |
|
|a Труды Института геологии и геофизики
|v Вып. 480
|
| 320 |
|
|
|a Библиогр.: с. 88-93
|
| 606 |
1 |
|
|a Периодическая система элементов
|2 stltpush
|3 (RuTPU)RU\TPU\subj\72133
|9 85718
|
| 610 |
1 |
|
|a силовые характеристики
|
| 610 |
1 |
|
|a размещение
|
| 610 |
1 |
|
|a атомы
|
| 610 |
1 |
|
|a ионы
|
| 610 |
1 |
|
|a свойства
|
| 610 |
1 |
|
|a сходство
|
| 610 |
1 |
|
|a различие
|
| 610 |
1 |
|
|a библиотека А. Г. Стромберга
|
| 675 |
|
|
|a 546-123-048.4
|v 3
|
| 700 |
|
1 |
|a Годовиков
|b А. А.
|g Александр Александрович
|
| 702 |
|
1 |
|a Габуда
|b С. П.
|g Святослав Петрович
|4 340
|
| 712 |
0 |
2 |
|a Академия наук СССР (АН СССР)
|b Сибирское отделение (СО)
|c (Новосибирск)
|2 stltpush
|3 (RuTPU)RU\TPU\col\11215
|
| 801 |
|
1 |
|a RU
|b 63413507
|c 20101129
|
| 801 |
|
2 |
|a RU
|b 63413507
|c 20171026
|g RCR
|
| 942 |
|
|
|c BK
|